000 00681cab a2200241 4500
001 ABS43811
008 090401t1990 xxu||||| |||| 00| 0 eng d
035 _a(Sirsi) u43566
041 _aeng
100 _aLuba, J.
245 _aCompensating tenants for disrepair
260 _c1990
350 _a0
490 _aHousing
_v26(10 December 1990, 32-33 (2)
520 _aFocuses on compensation for tenants suffering disrepair, how it is claimed and calculated; relevant case law.
650 _aBREACH OF CONTRACT
650 _aCOUNCIL HOUSING
650 _aLANDLORD AND TENANT
_96252
650 _aOMBUDSMAN
690 _aHOUSING
942 _n0
948 _c04/03/1997
999 _c27771
_d27771